Normal view MARC view
  • Ashfaq, Ahmad

Entry Personal Name

Number of records used in: 35

001 - CONTROL NUMBER

  • control field: 3162

003 - CONTROL NUMBER IDENTIFIER

  • control field: NUST

005 - DATE AND TIME OF LATEST TRANSACTION

  • control field: 20170705183634.0

008 - FIXED-LENGTH DATA ELEMENTS

  • fixed length control field: 170705|| aca||aabn | a|a d

040 ## - CATALOGING SOURCE

  • Original cataloging agency: NUST
  • Transcribing agency: NUST

100 ## - HEADING--PERSONAL NAME

  • Personal name: Ashfaq, Ahmad

670 ## - SOURCE DATA FOUND

  • Source citation: Work cat.: (NUST)0: Ashfaq, Ahmad, Mun Chalay Ka Sauda, 2008
© 2023 Central Library, National University of Sciences and Technology. All Rights Reserved.